Statistiques concernant Histoire commençant par la lettre N

Cliquez ici pour prendre le quiz!

Statistiques générales

  • Ce quiz a été pris 6,989 fois
    (6,103 depuis la dernière actualisation)
  • Le résultat moyen est 11 sur 20

Statistiques - réponses

Indice Réponse % Correct
Construite entre 1163 et 1345, cette cathédrale aura inspiré de nombreuse
oeuvres dont le célèbre roman de Victor Hugo
Notre-Dame de Paris
98%
Chimiste suédois qui donna son nom à un célèbre prixAlfred Nobel
84%
Procès qui dura plus d'un an, intenté par les alliés contre les responsables
des crimes commis sous ce régime
Nuremberg
83%
D'abord président de la république française, il a été le dernier empereur des françaisNapoléon III
76%
Cet empereur romain despotique a longtemps été suspecté d'être à l'origine
du grand incendie de Rome
Néron
75%
Colonie grecque au VIIème siècle avant notre ère, elle deviendra une
des plus importantes villes d'Italie
Naples
75%
Seul président américain a avoir démissionéRichard Nixon
73%
Dernier "tsar de toutes les Russies", il est assassiné avec toute sa famille en juillet 1918Nicolas II
65%
Abréviation de national-socialisme en allemand, régime politique dirigé
par Hitler de 1933 à 1945
Nazisme
65%
Grande épouse royale d'AkhénatonNefertiti
64%
Un philosophe allemand du XIXème à la moustache assez distinctiveNietzsche
60%
Cet amiral a mené la Grande-Bretagne à la victoire à la bataille de TrafalgarHoratio Nelson
48%
Apothicaire français qui aurait, entre autres, prédit la mort du roi Henri IINostradamus
42%
Cette ville a été rebaptisée New-York lors de son acquisition par les anglais en 1664Nouvelle-Amsterdam
41%
Littéralement "hommes du nord", on appelait ainsi les vikings autrefoisNormand
37%
Littéralement "capitale du sud" de la Chine, elle a été le théatre d'un violent
massacre par les japonais en 1937
Nankin
32%
Grand roi de Babylone, cité dans la Bible comme le destructeur du temple de SalomonNabuchodonosor II
31%
Figure de proue de la lutte pour l'indépendance de l'Inde, il en devient le
premier premier ministre en 1947
Jawaharlal Nehru
27%
Maréchal d'empire sous Napoléon Ier, surnommé "le brave des braves"Michel Ney
26%
Royaume de l'antiquité correspondant aujourd'hui au nord du Soudan et au sud de l'ÉgypteNubie
22%

Distribution des résultats

Percentile par nombre de réponses

% des personnes avec chaque résultat

Votre développement - résultats

Vous n’avez pas pris ce quiz depuis la dernière actualisation